<?xml version="1.0" encoding="UTF-8"?>
<record
    xmlns:xsi="http://www.w3.org/2001/XMLSchema-instance"
    xsi:schemaLocation="http://www.loc.gov/MARC21/slim http://www.loc.gov/standards/marcxml/schema/MARC21slim.xsd"
    xmlns="http://www.loc.gov/MARC21/slim">

  <leader>01037aab a2200217   4500</leader>
  <controlfield tag="001">768714001</controlfield>
  <controlfield tag="003">CO-MdFUSB</controlfield>
  <controlfield tag="005">20240605144233.0</controlfield>
  <controlfield tag="008">170509s1993    cr ||||| |||| 00| 0 spa d</controlfield>
  <datafield tag="022" ind1=" " ind2=" ">
    <subfield code="a">1409-1968</subfield>
  </datafield>
  <datafield tag="040" ind1=" " ind2=" ">
    <subfield code="a">CO-MdFUSB</subfield>
    <subfield code="b">spa</subfield>
    <subfield code="c">CO-MdFUSB</subfield>
    <subfield code="d">CO-MdFUSB</subfield>
  </datafield>
  <datafield tag="041" ind1=" " ind2=" ">
    <subfield code="a">spa</subfield>
  </datafield>
  <datafield tag="100" ind1="1" ind2=" ">
    <subfield code="a">Deiros, Pablo A. (Alberto) (1945-)</subfield>
    <subfield code="e">autor</subfield>
  </datafield>
  <datafield tag="245" ind1="1" ind2="0">
    <subfield code="a">Una guerra de mil a&#xF1;os y las contradicciones de su teolog&#xED;a</subfield>
    <subfield code="c">/  Pablo A. Deiros</subfield>
  </datafield>
  <datafield tag="300" ind1=" " ind2=" ">
    <subfield code="a">Volumen 10. N&#xFA;mero 5 (1993), p&#xE1;ginas 32-34</subfield>
    <subfield code="c">: 27 cm.</subfield>
  </datafield>
  <datafield tag="520" ind1=" " ind2=" ">
    <subfield code="a">Durante varios siglos, los cristianos ib&#xE9;ricos se vieron comprometidos en una encarnizada lucha por la recuperaci&#xF3;n de sus territorios perdidos en manos de los musulmanes. En este proceso la lucha armada estuvo te&#xF1;ida de un profundo contenido religioso. Se combat&#xED;a por reconquistar la tierra y por afirmar la fe cat&#xF3;lica.</subfield>
  </datafield>
  <datafield tag="653" ind1=" " ind2=" ">
    <subfield code="a">Guerra y teolog&#xED;a</subfield>
  </datafield>
  <datafield tag="773" ind1="0" ind2=" ">
    <subfield code="t">Apuntes Pastorales</subfield>
    <subfield code="0">49442</subfield>
    <subfield code="9">60186</subfield>
    <subfield code="g">Volumen 10. N&#xFA;mero 5 (1993), p&#xE1;ginas 32-34</subfield>
    <subfield code="q">P&#xE1;gina 32</subfield>
  </datafield>
  <datafield tag="942" ind1=" " ind2=" ">
    <subfield code="c">ANA</subfield>
  </datafield>
  <datafield tag="945" ind1=" " ind2=" ">
    <subfield code="a">JTF-925</subfield>
  </datafield>
  <datafield tag="999" ind1=" " ind2=" ">
    <subfield code="c">49787</subfield>
    <subfield code="d">49787</subfield>
  </datafield>
</record>
